000 00572nam a2200181Ia 4500
003 GCL
008 140319s9999 xx 000 0 ara d
040 _aGCL /
_cGCL
082 0 4 _a214
_bا م
100 1 _aاحمد عبدالحميد يوسف
245 1 0 _aمصر فى القران والسنة /
_cاحمد عبدالحميد يوسف
260 _aالقاهرة :
_bدار المعارف ،
_c1991
300 _a208 ص ؛
_c19 سم
490 _a
650 0 4 _aالثقافة الاسلامية - مصر
650 0 4 _aالقران - الفاظ
942 _2ddc
_cBK
999 _c34644
_d34644